000 00871nam a22002657a 4500
001 BR2017000895
003 BR-BrBNA
005 20230928105058.0
007 ta
008 230509b bl.||||| |||| 00| 0 por d
040 _aBR-BrBNA
_bpor
_cBiblioteca Nacional de Agricultura
041 _a(Eng, Por)
072 _aD50; L73
_b4110
090 _ 4110 BR2017000895
110 1 _aMinistério da Pesca e Aquicultura, Brasília, DF (Brasil). Coordenação-Geral de Sanidade Pesqueira
_97437
245 1 _aDossiê técnico: salmonella spp. em peixe de cultivo. Caso Almas-TO
260 3 _aBrasília, DF (Brasil):
_c2014.
300 _avp.
500 _aIncludes several bibliographies; Summary (Eng); 8 illus.; 30 tables
650 _aSALMONELLA SPP
650 _aBACTÉRIA PATOGÊNICA
650 _aPEIXE
909 _a202309
_bLucia
_c55
_dLucia Elande
942 _cBK
999 _c83301
_d83301